00481nam a2200181Ii 450000100060000000300090000600800410001504000330005604100080008908400120009710000320010924500270014126400380016830000120020633600260021833700280024433800270027211878CO-ViMGA241108s9999||||xx |||||||||||||| ||und|| aCO-ViMGAbspaerdacCO-ViMGA0 aspa aN RUC1u1 aRuck-Panquet, Gina, d1931-10aUn burro es suficiente 1aBogotá, Colombia : Edilux, 1993 avolumen atextbtxt2rdacontent aunmediatedbn2rdamedia avolumebnc2rdacarrier